书目信息 |
| 题名: |
楚辞韵读
|
|
| 作者: | 王力 著 | |
| 分册: | ||
| 出版信息: | 上海 上海古籍出版社 1980.05 |
|
| 页数: | 84页 | |
| 开本: | 19cm | |
| 丛书名: | ||
| 单 册: | ||
| 中图分类: | H119 | |
| 科图分类: | ||
| 主题词: | 汉语--语音 , 汉语--音韵学 | |
| 电子资源: | ||
| ISBN: | ||
| 000 | 00508nam0 2200205 45 | |
| 001 | 0303191573 | |
| 005 | 20060914094320.28 | |
| 010 | @dCNY0.36 | |
| 091 | @a9186.2 | |
| 100 | @a20030319d1980 km y0chiy0120 ea | |
| 101 | 0 | @achi |
| 200 | 1 | @a楚辞韵读@AChu Ci Yun Du@f王力著@FWang Li Zhu |
| 210 | @a上海@c上海古籍出版社@d1980.05 | |
| 215 | @a84页@d19cm | |
| 606 | 0 | @a汉语@x语音 |
| 606 | 0 | @a汉语@x音韵学 |
| 690 | @aH119@v3 | |
| 701 | 0 | @a王力@4著 |
| 801 | @aCN@bTSTC@c20060914 | |
| 905 | @dH119@e95@f1@b31422 | |
| 楚辞韵读/王力著.-上海:上海古籍出版社,1980.05 |
| 84页;19cm |
| ISBN :CNY0.36 |
| ● |
| 相关链接 |
|
|
|
|
正题名:楚辞韵读
索取号:H119/95
 
预约/预借
| 序号 | 登录号 | 条形码 | 馆藏地/架位号 | 状态 | 备注 |
| 1 | 0031418 | 000832175 | 第四借阅区/ [索取号:H119/95] | 在馆 | |
| 2 | 0031419 | 001823888 | 密集书库/ [索取号:H119/95] | 在馆 | |
| 3 | 0031420 | 001768947 | 密集书库/ [索取号:H119/95] | 在馆 | |
| 4 | 0031421 | 001877437 | 密集书库/ [索取号:H119/95] | 在馆 | |
| 5 | 0031422 | 001921558 | 密集书库/ [索取号:H119/95] | 在馆 | |
| 6 | 0031423 | 001877393 | 密集书库/ [索取号:H119/95] | 在馆 | |
| 7 | 0031424 | 001877357 | 密集书库/ [索取号:H119/95] | 在馆 | |
| 8 | 0031425 | 001877847 | 密集书库/ [索取号:H119/95] | 在馆 | |
| 9 | 0031426 | 001877801 | 密集书库/ [索取号:H119/95] | 在馆 | |
| 10 | 0031427 | 001877767 | 密集书库/ [索取号:H119/95] | 在馆 | |
| 11 | 0031428 | 000832166 | 第四借阅区/ [索取号:H119/95] | 在馆 | |
| 12 | 0031429 | 000832184 | 第四借阅区/ [索取号:H119/95] | 在馆 | |
| 13 | 0216796 | 000832193 | 第四借阅区/ [索取号:H119/95] | 在馆 | |
| 14 | 0216797 | 000832157 | 第二样本阅览室/ [索取号:H119/95] | 在馆 | |
| 15 | 0435414 | 204354144 | 密集书库/ [索取号:H119/95] | 在馆 | |
| 16 | 0435415 | 204354153 | 密集书库/ [索取号:H119/95] | 在馆 | |
| 17 | 0436485 | 204364856 | 密集书库/ [索取号:H119/95] | 在馆 | |
| 18 | 0462582 | 204625824 | 密集书库/ [索取号:H119/95] | 在馆 | |
| 19 | 0462583 | 204625833 | 密集书库/ [索取号:H119/95] | 在馆 | |
| 20 | 0462813 | 204628135 | 密集书库/ [索取号:H119/95] | 在馆 | |
| 21 | 0462814 | 204628144 | 密集书库/ [索取号:H119/95] | 在馆 | |
| 22 | 0467218 | 204672185 | 密集书库/ [索取号:H119/95] | 在馆 | |
| 23 | 0473308 | 204733084 | 密集书库/ [索取号:H119/95] | 在馆 | |
| 24 | 0474130 | 204741306 | 密集书库/ [索取号:H119/95] | 在馆 | |
| 25 | 0474990 | 204749905 | 密集书库/ [索取号:H119/95] | 在馆 |